| 000 | 005210000a22001930004500 | ||
|---|---|---|---|
| 001 | 000392 | ||
| 003 | MACL | ||
| 005 | 20150821142145.0 | ||
| 008 | 150821b xxu||||| |||| 00| 0 eng d | ||
| 040 |
_aMACL _cMACL |
||
| 041 | _aEnglish | ||
| 082 | _a610.734/PAT | ||
| 100 |
_aPatil, Rashmi S. _96509 |
||
| 245 |
_aPractical Community Health _bFor Medical Students and Nurses _cRashmi S. Patil |
||
| 260 |
_aBombay _c1995 _bVora Medical Publications, |
||
| 350 | _a80 | ||
| 650 |
_aMedical science _985 |
||
| 942 |
_k611 _cBK _2ddc |
||
| 999 |
_c394 _d394 |
||